|
|
|
|
| LEADER |
00964nab a2200241 i 4500 |
| 001 |
publ22636 |
| 005 |
20211012102612.0 |
| 008 |
211012s2021 hu o 0|| Angol d |
| 022 |
|
|
|a 0584-8547
|
| 024 |
7 |
|
|a 10.1016/j.sab.2021.106236
|2 doi
|
| 024 |
7 |
|
|a 32180593
|2 mtmt
|
| 040 |
|
|
|a SZTE Publicatio Repozitórium
|b hun
|
| 041 |
|
|
|a Angol
|
| 100 |
1 |
|
|a Palásti Dávid Jenő
|
| 245 |
1 |
0 |
|a Optical modeling of the characteristics of dual reflective grating spatial heterodyne spectrometers for use in laser-induced breakdown spectroscopy
|h [elektronikus dokumentum] /
|c Palásti Dávid Jenő
|
| 260 |
|
|
|c 2021
|
| 300 |
|
|
|a Terjedelem: 11 p-Azonosító: 106236
|
| 490 |
0 |
|
|a SPECTROCHIMICA ACTA PART B-ATOMIC SPECTROSCOPY
|v 183
|
| 650 |
|
4 |
|a Kémiai tudományok
|
| 700 |
0 |
1 |
|a Füle Miklós Jenő
|e aut
|
| 700 |
0 |
1 |
|a Veres Miklós
|e aut
|
| 700 |
0 |
1 |
|a Galbács Gábor
|e aut
|
| 856 |
4 |
0 |
|u http://publicatio.bibl.u-szeged.hu/22636/1/SH-LIBSmodelingSPAB2021.pdf
|z Dokumentum-elérés
|